• 首页
  • 本馆介绍
  • 公告通知
  • 最新文献
  • 馆藏检索
  • 电子资源
  • 读者导购
  • 参考咨询
  • 我的图书馆
  • 登录
  • 详细信息显示
  • 放入我的书架
  • 预约/预借图书
  • 作者相关作品
  • 分类相关作品
  • 丛书相关作品
  • 出版社相关作品

书目信息

  • 表格格式
  • 工作单格式
  • 卡片格式
题名:
图解拔罐
    
 
作者: 高志群 主编
分册:  
出版信息: 合肥   安徽科学技术出版社  2018
页数: 198页
开本: 21cm
丛书名:
单 册:
中图分类: R244.3-64
科图分类:
主题词: 拔罐疗法--图解
电子资源:
ISBN: 978-7-5337-7639-8
000 00993nam0 2200229 450
001 2360830398
005 20231208165417.85
010    @a978-7-5337-7639-8@dCNY 29.80
100    @a20190122d2018 em y0chiy0120 ea
101 0  @achi
102    @aCN@b340000
105    @aa z 000yy
200 1  @a图解拔罐@Atu jie ba guan@b专著@e健体祛病拔罐全书@f高志群主编
210    @a合肥@c安徽科学技术出版社@d2018
215    @a198页@d21cm
330    @a本书共分五章。第一章,回溯历史,探究古老拔罐疗法的起源和发展,同时介绍了拔罐的主要方法、适应证、禁忌证、机体反应等基本知识。第二章,介绍慢性疾病的拔罐治疗,列举了20多种常见的慢性疾病的拔罐方法。第三章,介绍常见病的拔罐治疗,阐释生活中常见病症的治疗方法。第四章,介绍美容养颜的拔罐方法。第五章介绍使用拔罐疗法进行养生保健的内容。
517 1  @a健体祛病拔罐全书@Ajian ti qu bing ba guan quan shu
606 0  @a拔罐疗法@j图解
690    @aR244.3-64@v5
701  0 @a高志群@Agao zhi qun@4主编
801  2 @aCN@b辽宁北配@c20231205
905    @aBZT@dR244.3-64@e5
    
    图解拔罐:健体祛病拔罐全书/高志群主编.-合肥:安徽科学技术出版社,2018
    198页;21cm
    
    
    ISBN 978-7-5337-7639-8:CNY 29.80
    本书共分五章。第一章,回溯历史,探究古老拔罐疗法的起源和发展,同时介绍了拔罐的主要方法、适应证、禁忌证、机体反应等基本知识。第二章,介绍慢性疾病的拔罐治疗,列举了20多种常见的慢性疾病的拔罐方法。第三章,介绍常见病的拔罐治疗,阐释生活中常见病症的治疗方法。第四章,介绍美容养颜的拔罐方法。第五章介绍使用拔罐疗法进行养生保健的内容。
●
相关链接 在五车中查询图书 在当当中查询图书 在豆瓣中查询图书


正题名:图解拔罐     索取号:R244.3-64/5         预约/预借

序号 登录号 条形码 馆藏地/架位号 状态 备注
1 2001558921   2001558921   辽三/辽宁北配(第三批)/1331/ [索取号:R244.3-64/5] 在馆    
2 2001558922   2001558922   辽三/辽宁北配(第三批)/1331/ [索取号:R244.3-64/5] 在馆    
3 2001558923   2001558923   辽三/辽宁北配(第三批)/1331/ [索取号:R244.3-64/5] 在馆    
4 2001558924   2001558924   辽三/辽宁北配(第三批)/1331/ [索取号:R244.3-64/5] 在馆    
5 2001558925   2001558925   辽三/辽宁北配(第三批)/1331/ [索取号:R244.3-64/5] 在馆    
6 2001558926   2001558926   辽三/辽宁北配(第三批)/1331/ [索取号:R244.3-64/5] 在馆    
7 2001558927   2001558927   辽三/辽宁北配(第三批)/1331/ [索取号:R244.3-64/5] 在馆    
8 2001558928   2001558928   辽三/辽宁北配(第三批)/1331/ [索取号:R244.3-64/5] 在馆    
9 2001558929   2001558929   辽三/辽宁北配(第三批)/1331/ [索取号:R244.3-64/5] 在馆    
10 2001558930   2001558930   辽三/辽宁北配(第三批)/1331/ [索取号:R244.3-64/5] 在馆    
11 2001558931   2001558931   辽三/辽宁北配(第三批)/1331/ [索取号:R244.3-64/5] 在馆    
12 2001558932   2001558932   辽三/辽宁北配(第三批)/1331/ [索取号:R244.3-64/5] 在馆    
13 2001558933   2001558933   辽三/辽宁北配(第三批)/1331/ [索取号:R244.3-64/5] 在馆    
14 2001558934   2001558934   辽三/辽宁北配(第三批)/1331/ [索取号:R244.3-64/5] 在馆    
15 2001558935   2001558935   辽三/辽宁北配(第三批)/1331/ [索取号:R244.3-64/5] 在馆    
16 2001558936   2001558936   辽三/辽宁北配(第三批)/1331/ [索取号:R244.3-64/5] 在馆    
17 2001558937   2001558937   辽三/辽宁北配(第三批)/1331/ [索取号:R244.3-64/5] 在馆    
18 2001558938   2001558938   辽三/辽宁北配(第三批)/1331/ [索取号:R244.3-64/5] 在馆    
19 2001558939   2001558939   辽三/辽宁北配(第三批)/1331/ [索取号:R244.3-64/5] 在馆    
20 2001558940   2001558940   辽三/辽宁北配(第三批)/1331/ [索取号:R244.3-64/5] 在馆    
21 2001558941   2001558941   辽三/辽宁北配(第三批)/1331/ [索取号:R244.3-64/5] 在馆    
22 2001558942   2001558942   辽三/辽宁北配(第三批)/1331/ [索取号:R244.3-64/5] 在馆    
23 2001558943   2001558943   辽三/辽宁北配(第三批)/1331/ [索取号:R244.3-64/5] 在馆    
24 2001558944   2001558944   辽三/辽宁北配(第三批)/1331/ [索取号:R244.3-64/5] 在馆    
25 2001558945   2001558945   辽三/辽宁北配(第三批)/1331/ [索取号:R244.3-64/5] 在馆    
26 2001558946   2001558946   辽三/辽宁北配(第三批)/1331/ [索取号:R244.3-64/5] 在馆    
27 2001558947   2001558947   辽三/辽宁北配(第三批)/1331/ [索取号:R244.3-64/5] 在馆    
28 2001558948   2001558948   辽三/辽宁北配(第三批)/1331/ [索取号:R244.3-64/5] 在馆    
29 2001558949   2001558949   辽三/辽宁北配(第三批)/1331/ [索取号:R244.3-64/5] 在馆    
30 2001558950   2001558950   辽三/辽宁北配(第三批)/1331/ [索取号:R244.3-64/5] 在馆    
山东省滨州职业学院图书馆 欢迎您!
大连网信软件有限公司© 版权所有